[Event "TUR-ch U13/18"]
[Site "Antalya"]
[Date "2023.01.24"]
[Round "5"]
[White "Dargali, Hakan"]
[Black "Kavri, Yusuf Eren"]
[Result "0-1"]
[WhiteElo "1817"]
[BlackElo "2050"]
[PlyCount "154"]
[EventDate "2023.01.17"]
[EventType "swiss"]
[EventRounds "10"]
[EventCountry "TUR"]
[SourceTitle "EXT 2024"]
[Source "ChessBase"]
[SourceDate "2023.10.10"]
[SourceVersion "1"]
[SourceVersionDate "2023.10.10"]
[SourceQuality "1"]

1. d4 Nf6 2. c4 e6 3. g3 d5 4. Nf3 Be7 5. Bg2 0-0 6. Nbd2 b6 7. 0-0 Bb7 8. Qc2 Nbd7 9. Rd1 Rc8 10. b3 c5 11. Ba3 dxc4 12. Qxc4 cxd4 13. Bxe7 Qxe7 14. Qxd4 e5 15. Nxe5 Nxe5 16. Bxb7 Rfd8 17. Qb2 Qxb7 18. Qxe5 Rd5 19. Qf4 Rcd8 20. Rac1 h6 21. Rc2 Rd4 22. Qf5 Ne4 23. Qf3 Qd7 24. Nxe4 Rxd1+ 25. Kg2 Rg1+ 26. Kxg1 Qd1+ 27. Kg2 Qxc2 28. Qg4 Qc6 29. f3 Kh8 30. Qf4 Qd5 31. Qc7 Qd7 32. Qf4 Re8 33. g4 Kg8 34. Ng3 Qe7 35. Ne4 Qe5 36. Qd2 a5 37. Qd7 Qe6 38. Qb5 Rc8 39. Qd3 Qc6 40. Ng3 Qc3 41. Qd7 Qc2 42. Qb7 Qc6 43. Qa6 Rd8 44. Ne4 Ra8 45. Qd3 a4 46. bxa4 Qxa4 47. g5 Qa3 48. Qb5 Qa6 49. Qd5 Qxe2+ 50. Kg3 Qxa2 51. Qe5 Qe6 52. Qc7 Rc8 53. Qf4 Re8 54. Kg2 Qe5 55. Qe3 hxg5 56. Qxb6 g4 57. Ng3 Rb8 58. Qa7 Rb2+ 59. Kg1 gxf3 60. Qa8+ Kh7 61. Qxf3 Qc5+ 62. Kh1 Qc2 63. Nf1 Rb1 64. Kg1 Qg6+ 65. Kh1 Rb8 66. Qh3+ Kg8 67. Ng3 Qc6+ 68. Kg1 g6 69. Qf1 Qb6+ 70. Kg2 Qb2+ 71. Kh3 Kg7 72. Ne2 Qf6 73. Nf4 Qf5+ 74. Kg2 Rb2+ 75. Kg3 Qg5+ 76. Kf3 Rb3+ 77. Ke2 Qb5+ 0-1